Thuật ngữ Anh Việt thương mại và tài chính
Gồm những thuật ngữ Anh - Việt thông dụng về thương mại và thị trường tài chính.
Saved in:
| Main Author: | |
|---|---|
| Format: | Book |
| Language: | Undetermined |
| Published: |
Đồng Nai
Nxb Đồng Nai
1995
|
| Subjects: | |
| Tags: |
Add Tag
No Tags, Be the first to tag this record!
|
| Institutions: | Trung tâm Học liệu Trường Đại học Cần Thơ |
|---|
| LEADER | 00719nam a2200205Ia 4500 | ||
|---|---|---|---|
| 001 | CTU_155512 | ||
| 008 | 210402s9999 xx 000 0 und d | ||
| 020 | |c 26000 | ||
| 082 | |a 380.03 | ||
| 082 | |b D513 | ||
| 100 | |a Lê, Phương Dũng | ||
| 245 | 0 | |a Thuật ngữ Anh Việt thương mại và tài chính | |
| 245 | 0 | |c Lê Phương Dũng | |
| 260 | |a Đồng Nai | ||
| 260 | |b Nxb Đồng Nai | ||
| 260 | |c 1995 | ||
| 520 | |a Gồm những thuật ngữ Anh - Việt thông dụng về thương mại và thị trường tài chính. | ||
| 650 | |a Vietnames dictionary,Commerce | ||
| 904 | |i Bạch Trúc | ||
| 980 | |a Trung tâm Học liệu Trường Đại học Cần Thơ | ||